000 00690nam a2200289Ia 4500
005 20260324131421.0
008 008 260324s9999 xx 000 0 eng d
020 _a9781849772495
037 _aEBOOK
040 _aCRL
040 _beng
040 _cCRL
041 _2eng
041 _aeng
084 _qCRL
100 _aRobert Tripp
_91185440
245 0 _aSelf-Sufficient Agriculture
245 0 _bLabour and Knowledge in Small-Scale Farming
260 _bTaylor and Francis
260 _c2006
365 _a
365 _b65.99
856 _uhttp://www.taylorfrancis.com/books/9781849772495
942 _cEBOOK
999 _c1782553
_d1782553